[Event "Aktogay Masters 2019"]
[Site "Aktogay"]
[Date "2019.05.15"]
[Round "4.2"]
[White "Suleymenov, Alisher"]
[Black "Vlassov, Nikolai"]
[Result "1/2-1/2"]
[WhiteElo "2435"]
[BlackElo "2393"]
[Annotator "NA"]
[PlyCount "187"]
[EventDate "2019.05.11"]
[EventType "tourn"]
[EventCountry "KAZ"]
[SourceTitle "playchess.com"]
[Source "ChessBase"]
[SourceQuality "1"]
[TimeControl "5400+30"]

1. d4 {[%emt 0:00:00]} Nf6 {[%emt 0:00:00]} 2. c4 {[%emt 0:00:00]} c5 {[%emt 0:00:00]} 3. d5 {[%emt 0:00:00]} e6 {[%emt 0:00:00]} 4. Nc3 {[%emt 0:03:07]} exd5 {[%emt 0:00:00]} 5. cxd5 {[%emt 0:00:04]} Bd6 {[%emt 0:00:04]} 6. Nf3 {[%emt 0:04:03]} O-O {[%emt 0:00:16]} 7. g3 {[%emt 0:00:03]} Bc7 {[%emt 0:00:23]} 8. d6 {[%emt 0:00:21]} Ba5 {[%emt 0:00:08]} 9. Bg2 {[%emt 0:00:04]} Ne4 {[%emt 0:04:30]} 10. O-O {[%emt 0:00:03]} Nxc3 11. bxc3 {[%emt 0:00:04]} Bxc3 {[%emt 0:01:11]} 12. Bg5 {[%emt 0:00:03]} Bf6 {[%emt 0:00:43]} 13. Qd5 {[%emt 0:00:03]} Nc6 {[%emt 0:03:19]} 14. Qxc5 {[%emt 0:21:33]} b6 {[%emt 0:00:18]} 15. Qf5 {[%emt 0:01:28]} Ba6 {[%emt 0:02:12]} 16. Rfe1 {[%emt 0:18:20]} Rc8 {[%emt 0:00:29]} 17. e4 {[%emt 0:18:50]} Nb4 {[%emt 0:09:57]} 18. Rac1 {[%emt 0:10:37]} Bc4 {[%emt 0:02:51]} 19. e5 {[%emt 0:05:30]} Bxg5 {[%emt 0:02:27]} 20. Nxg5 {[%emt 0:01:05]} g6 {[%emt 0:01:22]} 21. Qe4 {[%emt 0:05:40]} b5 {[%emt 0:01:21]} 22. Qh4 {[%emt 0:00:47]} h5 {[%emt 0:00:04]} 23. g4 {[%emt 0:00:54]} f6 {[%emt 0:04:55]} 24. exf6 {[%emt 0:00:32]} Qxf6 {[%emt 0:00:02]} 25. gxh5 {[%emt 0:00:03]} Rc5 {[%emt 0:10:35]} 26. hxg6 {[%emt 0:02:42]} Qxg6 {[%emt 0:02:17]} 27. Ne4 {[%emt 0:02:22]} Rh5 {[%emt 0:00:15]} 28. Qg3 {[%emt 0:00:00]} Qxg3 {[%emt 0:00:41]} 29. Nxg3 {[%emt 0:00:02]} Rh6 {[%emt 0:00:10]} 30. Rcd1 {[%emt 0:01:13]} Nd3 {[%emt 0:00:55]} 31. Re2 {[%emt 0:00:27]} Rxd6 {[%emt 0:00:25]} 32. Red2 {[%emt 0:00:10]} Rf4 {[%emt 0:03:57]} 33. Be4 {[%emt 0:01:29]} Rxe4 {[%emt 0:01:16]} 34. Nxe4 {[%emt 0:00:19]} Rg6+ {[%emt 0:00:02]} 35. Ng3 {[%emt 0:03:58]} Ne5 {[%emt 0:01:36]} 36. Kg2 {[%emt 0:00:01]} b4 {[%emt 0:03:33]} 37. f4 {[%emt 0:00:44]} Ng4 {[%emt 0:00:38]} 38. Kf3 {[%emt 0:00:41]} Nf6 {[%emt 0:04:56]} 39. f5 {[%emt 0:00:35]} Rh6 {[%emt 0:01:56]} 40. Re1 {[%emt 0:01:06]} Kf7 {[%emt 0:02:14]} 41. Re5 {[%emt 0:00:28]} a6 {[%emt 0:03:17]} 42. Rc5 {[%emt 0:00:34]} Bb5 {[%emt 0:00:58]} 43. Kg2 {[%emt 0:00:25]} Rh4 {[%emt 0:00:23]} 44. Kg1 {[%emt 0:00:29]} Rf4 {[%emt 0:01:22]} 45. Rc1 {[%emt 0:00:43]} Bc6 {[%emt 0:00:56]} 46. Rdc2 {[%emt 0:00:27]} Bd5 {[%emt 0:00:54]} 47. Rd2 {[%emt 0:00:20]} Bc6 {[%emt 0:01:58]} 48. Rf1 {[%emt 0:00:03]} Rc4 {[%emt 0:00:13]} 49. Rfd1 {[%emt 0:00:14]} a5 {[%emt 0:00:46]} 50. Rb2 {[%emt 0:01:28]} Ng4 {[%emt 0:01:16]} 51. Re1 {[%emt 0:00:31]} Rd4 {[%emt 0:03:27]} 52. h3 {[%emt 0:00:36]} Nf6 {[%emt 0:00:34]} 53. Kh2 {[%emt 0:00:12]} Bf3 {[%emt 0:01:34]} 54. Re3 {[%emt 0:00:41]} Bc6 {[%emt 0:00:15]} 55. Nf1 {[%emt 0:00:38]} Rf4 {[%emt 0:00:55]} 56. Ng3 {[%emt 0:00:03]} Rh4 {[%emt 0:00:07]} 57. Ne2 {[%emt 0:00:53]} Rh5 {[%emt 0:00:26]} 58. Kg3 {[%emt 0:00:34]} Rxf5 {[%emt 0:01:33]} 59. Nd4 {[%emt 0:00:01]} Rg5+ {[%emt 0:00:41]} 60. Kh2 {[%emt 0:00:36]} Bd5 {[%emt 0:00:35]} 61. Rbe2 {[%emt 0:00:31]} Rh5 {[%emt 0:01:17]} 62. Rf2 {[%emt 0:00:09]} Rh4 {[%emt 0:04:23]} 63. Nb3 {[%emt 0:00:26]} a4 {[%emt 0:01:16]} 64. Nc5 {[%emt 0:00:29]} Bc6 {[%emt 0:00:16]} 65. Nd3 {[%emt 0:00:01]} d6 {[%emt 0:00:49]} 66. Re1 {[%emt 0:00:50]} Bb5 {[%emt 0:01:30]} 67. Rd1 {[%emt 0:01:29]} Rd4 {[%emt 0:01:36]} 68. Rdf1 {[%emt 0:00:07]} Bxd3 {[%emt 0:00:31]} 69. Rxf6+ {[%emt 0:00:01]} Ke7 {[%emt 0:00:01]} 70. Rf7+ {[%emt 0:00:46]} Ke6 {[%emt 0:00:01]} 71. R1f6+ {[%emt 0:00:52]} Ke5 {[%emt 0:00:02]} 72. Rf2 {[%emt 0:00:15]} b3 {[%emt 0:01:39]} 73. axb3 {[%emt 0:00:01]} axb3 {[%emt 0:00:07]} 74. Rb7 {[%emt 0:00:14]} Bc2 {[%emt 0:00:03]} 75. Kg3 {[%emt 0:00:16]} Rd3+ {[%emt 0:00:57]} 76. Kg4 {[%emt 0:00:44]} Bd1+ {[%emt 0:00:19]} 77. Kh4 {[%emt 0:00:01]} Kd4 {[%emt 0:00:30]} 78. Rc7 {[%emt 0:01:04]} d5 {[%emt 0:00:24]} 79. Rc1 {[%emt 0:00:47]} Bf3 {[%emt 0:00:38]} 80. Kg5 {[%emt 0:00:39]} Be4 {[%emt 0:00:39]} 81. h4 {[%emt 0:00:21]} Rg3+ {[%emt 0:00:44]} 82. Kf4 {[%emt 0:00:01]} Rg2 {[%emt 0:00:51]} 83. Rd1+ {[%emt 0:01:00]} Kc4 {[%emt 0:00:48]} 84. Rc1+ {[%emt 0:00:01]} Kb4 {[%emt 0:00:34]} 85. Rxg2 {[%emt 0:00:35]} Bxg2 {[%emt 0:00:02]} 86. Ke5 {[%emt 0:00:13]} Be4 {[%emt 0:02:02]} 87. Kd4 {[%emt 0:01:11]} b2 {[%emt 0:00:47]} 88. Rf1 {[%emt 0:00:48]} Kb5 {[%emt 0:03:00]} 89. h5 {[%emt 0:00:01]} Kc6 {[%emt 0:00:11]} 90. Rf6+ {[%emt 0:00:13]} Kc7 {[%emt 0:00:22]} 91. Rf7+ {[%emt 0:01:45]} Kb6 {[%emt 0:00:01]} 92. Rf1 {[%emt 0:00:30]} Kc6 {[%emt 0:00:10]} 93. Rf6+ {[%emt 0:00:05]} Kd7 {[%emt 0:00:09]} 94. Rb6 {[%emt 0:00:04]} 1/2-1/2

[Event "Aktogay Masters 2019"]
[Site "Aktogay"]
[Date "2019.05.15"]
[Round "4.3"]
[White "Kaiyrbekov, Rustam"]
[Black "Bekturov, Tamerlan"]
[Result "1-0"]
[WhiteElo "2329"]
[BlackElo "2241"]
[Annotator "NA"]
[PlyCount "102"]
[EventDate "2019.05.11"]
[EventType "tourn"]
[EventCountry "KAZ"]
[SourceTitle "playchess.com"]
[Source "ChessBase"]
[SourceQuality "1"]
[TimeControl "5400+30"]

1. d4 Nf6 2. Nf3 d5 3. c4 e6 4. g3 dxc4 5. Qa4+ Nbd7 6. Qxc4 a6 7. Bg2 b5 8. Qc2 Bb7 9. O-O c5 10. Bg5 Qb6 11. dxc5 Bxc5 12. Nc3 Rc8 13. Qb3 h6 14. Bxf6 Nxf6 15. a4 b4 16. a5 Qc7 17. Nb1 O-O 18. Nbd2 Bd5 19. Qd3 Qb7 20. e3 Bc6 21. Nh4 Nd5 22. Rfc1 Be7 23. Nhf3 Nf6 24. Qf1 Bb5 25. Nd4 Bxf1 26. Bxb7 Rxc1 27. Rxc1 Rb8 28. Kxf1 Rxb7 29. Rc8+ Kh7 30. Ra8 Rc7 31. Rxa6 Rc1+ 32. Ke2 Ra1 33. Ra7 Bc5 34. N2b3 Bxd4 35. Nxd4 Ra2 36. Rxf7 Rxb2+ 37. Kd3 Ng4 38. f4 Ra2 39. Nxe6 Nf2+ 40. Kc4 Kg6 41. Ra7 Rb2 42. a6 Nd1 43. e4 b3 44. Rxg7+ Kf6 45. a7 Ra2 46. Kxb3 Ra1 47. f5 Ne3 48. Rh7 Ke5 49. Nc5 Kd4 50. Na4 Rb1+ 51. Ka2 Rb4 1-0

[Event "Aktogay Masters 2019"]
[Site "Aktogay"]
[Date "2019.05.15"]
[Round "4.4"]
[White "Kuznetsov, Andrei S."]
[Black "Kim, Kristina"]
[Result "0-1"]
[WhiteElo "2261"]
[BlackElo "1916"]
[Annotator "NA"]
[PlyCount "160"]
[EventDate "2019.05.11"]
[EventType "tourn"]
[EventCountry "KAZ"]
[SourceTitle "playchess.com"]
[Source "ChessBase"]
[SourceQuality "1"]
[TimeControl "5400+30"]

1. e4 {[%emt 0:00:00]} g6 {[%emt 0:00:00]} 2. d4 {[%emt 0:00:00]} Bg7 {[%emt 0:00:00]} 3. Nc3 {[%emt 0:00:00]} c6 {[%emt 0:00:00]} 4. f4 {[%emt 0:00:19]} d5 {[%emt 0:00:00]} 5. e5 {[%emt 0:00:08]} Nh6 {[%emt 0:00:00]} 6. Nf3 {[%emt 0:00:33]} Bg4 {[%emt 0:00:00]} 7. h3 {[%emt 0:01:24]} Bxf3 {[%emt 0:00:00]} 8. Qxf3 {[%emt 0:00:05]} f6 {[%emt 0:00:00]} 9. Be3 {[%emt 0:02:46]} O-O {[%emt 0:00:05]} 10. exf6 {[%emt 0:01:13]} exf6 {[%emt 0:00:06]} 11. O-O-O {[%emt 0:00:30]} Nd7 {[%emt 0:00:31]} 12. g4 {[%emt 0:00:16]} f5 {[%emt 0:00:04]} 13. Bd3 {[%emt 0:01:51]} Nb6 {[%emt 0:01:52]} 14. g5 {[%emt 0:02:40]} Nf7 {[%emt 0:01:32]} 15. h4 {[%emt 0:00:02]} Qc7 {[%emt 0:01:05]} 16. h5 {[%emt 0:00:20]} Rfe8 {[%emt 0:00:50]} 17. Rh3 {[%emt 0:03:06]} Re6 {[%emt 0:00:52]} 18. Rdh1 {[%emt 0:00:40]} Rae8 {[%emt 0:00:32]} 19. Bf2 {[%emt 0:00:28]} Nd6 {[%emt 0:02:56]} 20. hxg6 {[%emt 0:00:28]} hxg6 {[%emt 0:00:05]} 21. Rh7 {[%emt 0:01:33]} Ne4 {[%emt 0:01:29]} 22. Ne2 {[%emt 0:07:53]} Nc4 {[%emt 0:08:00]} 23. Be1 {[%emt 0:00:54]} Ned6 {[%emt 0:07:43]} 24. R1h2 {[%emt 0:01:47]} Ne3 {[%emt 0:03:01]} 25. Bb4 {[%emt 0:04:58]} Ng4 {[%emt 0:01:18]} 26. R2h4 {[%emt 0:02:23]} Ne4 {[%emt 0:02:46]} 27. Be1 {[%emt 0:02:14]} b6 {[%emt 0:03:01]} 28. Kb1 {[%emt 0:02:19]} Ngf2 {[%emt 0:03:13]} 29. Rh2 {[%emt 0:00:29]} Ng4 {[%emt 0:13:24]} 30. R2h4 {[%emt 0:01:18]} a5 {[%emt 0:05:19]} 31. a3 {[%emt 1:02:53]} Ngf2 {[%emt 0:09:59]} 32. Rh2 {[%emt 0:00:00]} Nxd3 {[%emt 0:15:44]} 33. cxd3 {[%emt 0:00:00]} Nd6 {[%emt 0:00:07]} 34. Bd2 {[%emt 0:00:00]} Qe7 {[%emt 0:04:22]} 35. Nc3 {[%emt 0:00:00]} Qf8 {[%emt 0:03:31]} 36. Qh1 {[%emt 0:00:00]} Nf7 {[%emt 0:00:03]} 37. Ka2 {[%emt 0:00:00]} b5 {[%emt 0:01:44]} 38. Nxb5 {[%emt 0:00:00]} cxb5 {[%emt 0:00:19]} 39. Bxa5 {[%emt 0:00:00]} Ra8 {[%emt 0:01:54]} 40. Qxd5 {[%emt 0:00:00]} Rea6 {[%emt 0:00:33]} 41. b4 {[%emt 0:00:00]} Qd6 {[%emt 0:00:24]} 42. Rxg7+ {[%emt 0:00:00]} Kxg7 {[%emt 0:00:07]} 43. Qc5 {[%emt 0:00:00]} Qxc5 {[%emt 0:01:52]} 44. dxc5 {[%emt 0:00:00]} Nd8 {[%emt 0:00:44]} 45. a4 {[%emt 0:00:00]} Rxa5 {[%emt 0:00:14]} 46. bxa5 {[%emt 0:00:00]} Rxa5 {[%emt 0:00:03]} 47. Kb3 {[%emt 0:00:00]} bxa4+ {[%emt 0:02:01]} 48. Kc4 {[%emt 0:00:00]} a3 {[%emt 0:00:59]} 49. Ra2 {[%emt 0:00:00]} Ne6 {[%emt 0:00:08]} 50. d4 {[%emt 0:00:00]} Ra4+ {[%emt 0:10:28]} 51. Kb5 {[%emt 0:00:00]} Rxd4 {[%emt 0:00:00]} 52. Rxa3 {[%emt 0:00:00]} Rxf4 {[%emt 0:01:00]} 53. Ra7+ {[%emt 0:00:00]} Kf8 {[%emt 0:00:30]} 54. Ra8+ {[%emt 0:00:00]} Kf7 {[%emt 0:00:00]} 55. Ra7+ {[%emt 0:00:00]} Ke8 {[%emt 0:00:00]} 56. Ra8+ {[%emt 0:00:00]} Kd7 {[%emt 0:00:00]} 57. c6+ {[%emt 0:00:00]} Kd6 {[%emt 0:00:00]} 58. Rg8 {[%emt 0:00:00]} Nc7+ {[%emt 0:02:30]} 59. Kb6 {[%emt 0:00:00]} Nd5+ {[%emt 0:00:00]} 60. Kb5 {[%emt 0:00:00]} Rb4+ {[%emt 0:00:00]} 61. Ka5 {[%emt 0:00:00]} Kxc6 {[%emt 0:00:00]} 62. Rxg6+ {[%emt 0:00:00]} Kc5 {[%emt 0:00:00]} 63. Rg7 {[%emt 0:00:00]} Rb1 {[%emt 0:00:00]} 64. Ka4 {[%emt 0:00:00]} f4 {[%emt 0:00:06]} 65. g6 {[%emt 0:00:00]} Rg1 {[%emt 0:00:05]} 66. Kb3 {[%emt 0:00:00]} Kd6 {[%emt 0:00:33]} 67. Kc4 {[%emt 0:00:00]} Ne7 {[%emt 0:00:10]} 68. Kd3 {[%emt 0:00:00]} Ke6 {[%emt 0:00:55]} 69. Ke4 {[%emt 0:00:00]} Nxg6 {[%emt 0:00:06]} 70. Rg8 {[%emt 0:00:00]} Re1+ {[%emt 0:00:15]} 71. Kf3 {[%emt 0:00:00]} Kf5 {[%emt 0:00:10]} 72. Kf2 {[%emt 0:00:00]} Ra1 {[%emt 0:00:06]} 73. Rb8 {[%emt 0:00:00]} Ra2+ {[%emt 0:00:04]} 74. Kf1 {[%emt 0:00:00]} Kg4 {[%emt 0:00:18]} 75. Rb6 {[%emt 0:00:00]} Ne5 {[%emt 0:00:49]} 76. Rb5 {[%emt 0:00:00]} Nf3 {[%emt 0:00:51]} 77. Rb8 {[%emt 0:00:00]} Nh2+ {[%emt 0:00:12]} 78. Kg1 {[%emt 0:00:00]} Kg3 {[%emt 0:00:04]} 79. Rg8+ {[%emt 0:00:00]} Ng4 {[%emt 0:00:05]} 80. Kf1 {[%emt 0:00:00]} f3 {[%emt 0:00:07]} 0-1

[Event "Aktogay Masters 2019"]
[Site "Aktogay"]
[Date "2019.05.15"]
[Round "4.5"]
[White "Igambergenov, Alibek"]
[Black "Sukhov, Artur"]
[Result "1-0"]
[WhiteElo "2295"]
[BlackElo "2110"]
[Annotator "NA"]
[PlyCount "109"]
[EventDate "2019.05.11"]
[EventType "tourn"]
[EventCountry "KAZ"]
[SourceTitle "playchess.com"]
[Source "ChessBase"]
[SourceQuality "1"]
[TimeControl "5400+30"]

1. Nf3 {[%emt 0:00:00]} Nf6 {[%emt 0:00:00]} 2. c4 {[%emt 0:00:00]} d5 {[%emt 0:00:00]} 3. cxd5 {[%emt 0:00:00]} Nxd5 {[%emt 0:00:00]} 4. e4 {[%emt 0:01:13]} Nf6 {[%emt 0:01:25]} 5. Nc3 {[%emt 0:00:13]} e6 {[%emt 0:07:11]} 6. d4 {[%emt 0:01:25]} a6 {[%emt 0:00:57]} 7. Bd3 {[%emt 0:03:57]} c5 {[%emt 0:01:14]} 8. d5 {[%emt 0:00:28]} exd5 {[%emt 0:16:21]} 9. exd5 {[%emt 0:00:27]} Bd6 {[%emt 0:00:07]} 10. O-O {[%emt 0:01:32]} O-O {[%emt 0:01:52]} 11. Bg5 {[%emt 0:00:12]} h6 {[%emt 0:17:24]} 12. Bh4 {[%emt 0:00:43]} Bg4 {[%emt 0:01:40]} 13. Bc2 {[%emt 0:12:05]} Nbd7 {[%emt 0:05:44]} 14. Ne4 {[%emt 0:01:51]} Bf4 {[%emt 0:01:33]} 15. Re1 {[%emt 0:23:54]} g5 {[%emt 0:06:44]} 16. Bg3 {[%emt 0:01:20]} Bxf3 {[%emt 0:03:54]} 17. Qxf3 {[%emt 0:00:57]} Ne5 {[%emt 0:01:12]} 18. Nxf6+ {[%emt 0:03:28]} Qxf6 {[%emt 0:00:08]} 19. Qe4 {[%emt 0:00:07]} Ng6 {[%emt 0:00:44]} 20. Bxf4 {[%emt 0:00:21]} Qxf4 {[%emt 0:00:51]} 21. g3 {[%emt 0:46:17]} Qf6 {[%emt 0:04:07]} 22. Rad1 {[%emt 0:00:30]} Rad8 {[%emt 0:27:52]} 23. d6 {[%emt 0:00:30]} Rxd6 {[%emt 0:00:30]} 24. Rxd6 {[%emt 0:00:00]} Qxd6 {[%emt 0:00:30]} 25. Qxb7 {[%emt 0:00:00]} Rb8 26. Qf3 {[%emt 0:00:00]} Kg7 27. Bb3 {[%emt 0:00:00]} Qf6 {[%emt 0:00:00]} 28. Qxf6+ {[%emt 0:00:00]} Kxf6 {[%emt 0:00:00]} 29. Rd1 {[%emt 0:03:00]} a5 {[%emt 0:02:30]} 30. Rd6+ {[%emt 0:00:30]} Kg7 {[%emt 0:00:00]} 31. Ra6 {[%emt 0:00:30]} Rb4 {[%emt 0:00:00]} 32. Rxa5 {[%emt 0:00:30]} c4 {[%emt 0:00:00]} 33. Ra4 Rxa4 {[%emt 0:00:00]} 34. Bxa4 {[%emt 0:00:00]} Ne5 35. Bb5 {[%emt 0:01:30]} Nd3 {[%emt 0:01:03]} 36. Bxc4 {[%emt 0:00:00]} Nxb2 {[%emt 0:00:03]} 37. Bb5 {[%emt 0:01:00]} Kf6 {[%emt 0:00:24]} 38. a4 {[%emt 0:00:00]} Ke5 {[%emt 0:00:01]} 39. a5 Kd6 {[%emt 0:00:52]} 40. a6 Kc7 {[%emt 0:00:30]} 41. Kg2 {[%emt 0:00:00]} Nd1 {[%emt 0:00:00]} 42. Be2 {[%emt 0:00:00]} Nc3 {[%emt 0:00:00]} 43. Bc4 {[%emt 0:00:00]} f5 {[%emt 0:00:45]} 44. Bd3 {[%emt 0:00:00]} Kb6 {[%emt 0:00:43]} 45. Kf3 {[%emt 0:00:00]} Nd5 {[%emt 0:03:39]} 46. Bxf5 {[%emt 0:00:00]} Kxa6 {[%emt 0:00:00]} 47. Ke4 {[%emt 0:00:00]} Nc3+ 48. Ke5 {[%emt 0:00:00]} Nd1 49. f3 {[%emt 0:06:00]} Ne3 {[%emt 0:00:00]} 50. Bh3 {[%emt 0:00:00]} h5 {[%emt 0:00:00]} 51. Ke4 {[%emt 0:01:00]} Nc2 {[%emt 0:00:47]} 52. Kf5 {[%emt 0:00:00]} Nd4+ {[%emt 0:00:11]} 53. Kxg5 {[%emt 0:00:00]} Nxf3+ {[%emt 0:00:09]} 54. Kxh5 {[%emt 0:00:00]} Nxh2 {[%emt 0:03:23]} 55. Bg2 {[%emt 0:00:00]} 1-0

[Event "Aktogay Masters 2019"]
[Site "Aktogay"]
[Date "2019.05.15"]
[Round "5.1"]
[White "Kim, Kristina"]
[Black "Khusenkhojaev, Muhammad"]
[Result "0-1"]
[WhiteElo "1916"]
[BlackElo "2445"]
[Annotator "TA"]
[PlyCount "76"]
[EventDate "2019.05.11"]
[EventType "tourn"]
[EventCountry "KAZ"]
[SourceTitle "playchess.com"]
[Source "ChessBase"]
[SourceQuality "1"]

{[%evp 15,76,0,9,12,16,0,0,-3,16,-18,-15,-25,-12,-15,-7,-59,-70,-69,-48,-118,-115,-127,-119,-134,-95,-122,-127,-129,-121,-120,-125,-166,-96,-105,-104,-98,-100,-285,-280,-282,-271,-272,-282,-341,-300,-420,-409,-443,-471,-735,-728,-720,-720,-851,-841,-822,-643,-642,-640,-5613,-5265,-1689,-1627]} 1. d4 Nf6 2. Bf4 b6 3. e3 Bb7 4. Nf3 c5 5. c3 g6 6. Nbd2 Bg7 7. Bd3 O-O 8. h3 d6 9. O-O {A48: 1 d4 Nf6 2 Nf3 g6: Torre, London and Colle Systems} a6 10. Qe2 Nbd7 11. Bh2 {The position is equal.} Qc7 (11... d5 12. a4 Re8 13. Rfe1 e6 14. b4 cxb4 15. cxb4 {1-0 (66) Andreikin,D (2743)-Perez Ponsa,F (2586) ICC INT 2016}) 12. Rad1 $146 ({Predecessor:} 12. a4 Rfe8 13. e4 e5 14. dxe5 dxe5 15. Rfd1 Nh5 16. Bc4 Re7 17. b4 Nf4 {1-0 (72) Nguyen Thi Mai,H (2225)-Farago,S (2270) Budapest 2013}) 12... b5 13. Rfe1 e5 14. dxe5 dxe5 15. e4 ({White should try} 15. c4 $11) 15... c4 $15 16. Bc2 Nh5 17. g3 (17. Nd4 $15) 17... Rad8 $17 18. Nh4 Nc5 19. Nf1 Rd7 20. Ng2 Rfd8 21. g4 {Strongly threatening Rxd7.} Nf4 22. Nxf4 exf4 23. f3 Ne6 (23... Nd3 $19 24. Bxd3 cxd3) 24. Rxd7 Rxd7 25. Rd1 Rxd1 26. Qxd1 $2 {[#]} (26. Bxd1 $17 {was forced.} a5 27. Kg2) 26... b4 $1 $19 {[%mdl 512]} 27. cxb4 Qb6+ ({Less strong is} 27... Bxb2 28. Kg2 $17) 28. Kg2 Qxb4 ({Not} 28... Bxb2 29. Qe2 $17) 29. b3 c3 30. Qd3 Bd4 31. h4 a5 {Black is clearly winning.} 32. Qc4 (32. Bb1 $142 Qa3 33. Qd1) 32... Qxc4 33. bxc4 Ba6 34. g5 Bxc4 35. a4 Bxf1+ 36. Kxf1 {If only White now had time for Ke2....} Be3 37. Bg1 Bxg1 38. Kxg1 {[#]} Nd4 $1 {Accuracy: White = 44%, Black = 75%.} 0-1

[Event "Aktogay Masters 2019"]
[Site "Aktogay"]
[Date "2019.05.15"]
[Round "5.2"]
[White "Bekturov, Tamerlan"]
[Black "Suleymenov, Alisher"]
[Result "1-0"]
[WhiteElo "2241"]
[BlackElo "2435"]
[Annotator "TA"]
[PlyCount "127"]
[EventDate "2019.05.11"]
[EventType "tourn"]
[EventCountry "KAZ"]
[SourceTitle "playchess.com"]
[Source "ChessBase"]
[SourceQuality "1"]

{[%evp 10,127,48,36,41,36,37,39,52,33,51,50,62,49,67,14,18,5,20,-7,-15,-65,-74,-49,-59,-83,-62,-181,-175,-287,-133,-285,-139,-291,-282,-283,-108,-143,-43,-43,-31,-31,-25,-34,-37,-104,108,98,102,94,93,80,105,107,151,144,136,150,164,160,135,137,204,189,204,202,240,235,305,304,242,226,318,314,572,572,572,539,516,514,615,513,793,709,812,804,1120,764,485,462,1635,1416,1089,439,591,0,384,384,384,384,384,213,213,213,29979,29968,29979,384,29990,29983,29983,29984,29984,29977,29976,29976,29988,0,29989,29990]} 1. d4 g6 2. e4 Bg7 3. Nf3 d6 4. Bc4 e6 5. O-O Ne7 6. Bb3 O-O {B06: Modern Defence} 7. c3 (7. Re1 Nd7 8. c3 a6 9. Nbd2 b5 10. Nf1 c5 11. Ng3 Bb7 12. Bf4 e5 13. Be3 exd4 14. cxd4 {0-1 (40) Grandelius,N (2653)-Dubov,D (2677) Germany 2017}) 7... b6 8. Na3 $146 ({Predecessor:} 8. Re1 Bb7 9. Nbd2 Nbc6 10. Nf1 Na5 11. Bc2 c5 12. Ne3 cxd4 13. cxd4 Rc8 14. b3 {1-0 (26) Kolev,A (2571)-Komljenovic,D (2459) Navalmoral 2010}) 8... d5 {White is slightly better.} 9. e5 Ba6 10. Re1 $1 c5 11. Bc2 Nbc6 12. Bb1 (12. Bg5 $14) 12... Qd7 13. Nc2 Nf5 14. g4 Nfe7 15. Bg5 f6 16. exf6 Bxf6 17. Bh6 Bg7 $36 {[%mdl 2048] Black is more active.} 18. Bg5 (18. Bxg7 $15 Kxg7 19. Re3) 18... Rf7 $19 19. Bh4 (19. Be3 $142) 19... cxd4 (19... Raf8 $1 $19 {is more deadly.} 20. Ng5 Bf6) 20. cxd4 $2 (20. Nfxd4 $17 Nxd4 21. Nxd4) 20... Rf4 (20... Raf8 $19 21. Re3 Rf4) 21. h3 $2 (21. Bg3 $17 {was worth a try.} Rxg4 22. Ne5 Nxe5 23. dxe5 {[%mdl 64] Remove Defender}) 21... Raf8 22. Re3 Re4 $2 (22... h5 $19 {has better winning chances.} 23. Bg3 hxg4 24. Bxf4 Rxf4) 23. Bg3 Bh6 (23... Rxe3 $17 24. fxe3 e5 $1 {[%mdl 512]}) 24. Re1 $1 $15 {[#]} Rxf3 $1 {[%mdl 512]} 25. Qxf3 Nxd4 26. Qa3 $1 {Rxe4 is the strong threat.} Ne2+ $1 27. Kh2 (27. Kg2 $15 Bb5 28. Qd6) 27... Bb7 $2 {[#]} (27... Nxg3 $17 {keeps the pressure on.} 28. fxg3 Ra4) 28. Rxe2 $1 $16 {[%mdl 512]} Rxe2 29. Nd4 $1 {[%cal Rd4e2]} Re1 30. Bf5 $1 Nxf5 31. Nxf5 Bf8 {[#]} ({But not} 31... Bd2 $2 32. Rxe1 gxf5 33. Rd1 $18) 32. Nh6+ $1 {[%mdl 512]} Bxh6 33. Rxe1 d4 {[#] Strongly threatening ...d3.} 34. Qd6 $1 Qxd6 35. Bxd6 {[%mdl 4096] Endgame KRB-KB} Bd5 (35... d3 $16 {is a better defense.} 36. Rd1 Be4) 36. Rd1 $18 Bg7 37. f4 $1 Bf3 {[#]} 38. Rd2 $1 g5 {...gxf4 would now be nice for Black.} 39. Kg3 ({Weaker is} 39. fxg5 e5 $16) 39... Bd5 40. Be5 ({Resist} 40. fxg5 $6 e5) 40... gxf4+ (40... Bxe5 $142 41. fxe5 Bxa2 42. Rxd4 Bd5) 41. Kxf4 Bxa2 $2 (41... Bf8 42. Rxd4 Kf7) 42. Bxg7 Kxg7 43. Rxd4 {KR-KB} Bd5 44. b4 a6 45. Ke5 Kg6 (45... h6 $142 46. h4 h5) 46. h4 h6 47. Rd3 Kf7 48. Ra3 Bc4 49. Rf3+ Kg6 (49... Kg7 $142 50. h5 a5 51. bxa5 bxa5) 50. Rf6+ Kg7 51. Rf4 (51. h5 $142 a5 52. bxa5 bxa5 53. Rg6+ Kh7 54. Kf6) 51... Bb3 52. Rf6 $2 ({Better is} 52. h5 $18) 52... a5 $2 {[%mdl 8192]} (52... Bc4 $1 $11 {and Black stays safe.} 53. h5 a5 54. bxa5 bxa5 55. Rg6+ Kh7) 53. bxa5 bxa5 54. h5 a4 55. Rg6+ (55. Rf3 $142) 55... Kh7 {[#]} 56. Kf6 $1 {Hoping for Rg7+.} e5 $2 (56... Bd1 $18 57. Rg7+ Kh8) 57. Rg7+ Kh8 58. Ra7 $2 (58. Kg6 {mates} a3 59. Ra7 Bd5 60. Ra5 Be4+ 61. Kxh6 Kg8 62. g5 Kf8 63. g6) 58... e4 $2 (58... Bc2 $18 59. Kxe5 Kg8) 59. Kg6 e3 60. Ra8+ Bg8 61. Rxa4 e2 62. Ra1 Bb3 63. Ra8+ Bg8 64. Re8 {Accuracy: White = 49%, Black = 32%.} 1-0